Score 0/26 Timer 04:00
0 Plays Today
Phrase Word % Correct
____ BellsJingle
94%
____ DucklingUgly
93.8%
____ KongDonkey
93.6%
____ SundayEaster
92.1%
____ NumeralsRoman
91.1%
____ MachineTime
90%
____ ToleranceZero
90%
____ RhapsodyBohemian
89.7%
____ LegPeg
89.2%
____ LightsNorthern
87.6%
____ BumpFist
87.6%
____ RealityVirtual
84.7%
____ PagesYellow
81.7%
Phrase Word % Correct
____ CurtainIron
81.6%
____ SpecsX-Ray
80.1%
____ FoodComfort
79.8%
____ WhoGuess
79.4%
____ HouseOpera
77.8%
____ CrackersAnimal
77.6%
____ LogsLincoln
74.8%
____ MarkQuestion
74.2%
____ InstinctKiller
68.3%
____ DipSkinny
63.9%
____ JiveHand
61.2%
____ ChessWizard's
50.8%
____ Inc.Mystery
48.4%

Today's Daily Dose

Missing Word
'T' Pairs

Word Ladder
Game Pieces

Get the Picture
Baseball Movies

Remove Ads.
Support Sporcle.
Get the best of Sporcle when you Go Orange. This ad-free experience offers more features, more stats, and more fun while also helping to support Sporcle. Thank you for becoming a member.

You're not logged in!

Compare scores with friends on all Sporcle quizzes.
OR
Log In

Show Comments

Extras

Top Quizzes Today


Score Distribution

Your Account Isn't Verified!

In order to create a playlist on Sporcle, you need to verify the email address you used during registration. Go to your Sporcle Settings to finish the process.

Report this User

Report this user for behavior that violates our Community Guidelines.

Details: